| 000 | 00473nam a2200145Ia 4500 | ||
|---|---|---|---|
| 008 | 231129s2017||||xx |||||||||||||| ||spa|| | ||
| 020 | _a978-958-785-045-1 | ||
| 040 | _bspa | ||
| 082 | _a(i) Co863 K97t | ||
| 100 | _aComunidad Nasa del Resguardo Indígena de San José Tierradentro | ||
| 245 | 0 | _aKutx yuwe = Palabra y tul nasa | |
| 260 | _c2017 | ||
| 264 | _aBogotá Colombia : Ministerio de Educación Nacional | ||
| 942 |
_2ddc _cBKS |
||
| 999 |
_c16352 _d16352 |
||